000 00716nam a2200265Ia 4500
001 42040
005 20240114003448.0
007 ta
008 080606s1960 g b000 u 465 u
040 _aCotton College,Assam
041 _a465
082 _a821.91
_bP147G
100 _aFLOWER, J.H. .
245 0 _aPALGRAVE`S GOLDEN TREASURY OF SONGS AND LYRICS /
_cJ.H. FLOWER.
_hTextual Documents
250 _a4TH ED /
260 _aCALCUTTA BOMBAY MADRAS LONDON :
_bMACMILLAN AND CO. LTD ,
_c1960.
653 _aENGLISH SONGS AND LYRICS
653 _aT/G-ENGLISH
653 _aT/PG-English
942 _2ddc
_cBK
999 _c42006
_d42006